[Event "34th olm final"]
[Site "Istanbul"]
[Date "2000.10.29"]
[Round "2.1"]
[White "Hansen, Curt"]
[Black "Van Wely, Loek"]
[Result "1/2-1/2"]
[WhiteElo "2620"]
[BlackElo "2643"]
[EventDate "2000.10.28"]
[WhiteTeam "Denmark"]
[BlackTeam "Netherlands"]
[Annotator "Ribli"]
[PlyCount "66"]

1.Nf3 d5 2.d4 Nf6 3.c4 e6 4.g3 dxc4 5.Qa4+ {Dieser Zug wird heutzutage nur
noch selten gespielt, aber vor vielen Jahren war das die Hauptfortsetzung
in dieser Stellung. Der Laeuferzug 5.Bg2 bietet Weiss viel bessere Chancen
auf Eroeffnungsvorteil.} 5...Nbd7 {Dieser natuerliche Springerzug sowie
der Plan a6-b5 bieten Schwarz die besten Ausgleichschancen.} 6.Bg2 a6 7.
Qxc4 b5 8.Qc6 {Dieser Zug kommt mit Tempo - auf diese Weise blockiert
Weiss den schwarzen c-Bauern, und das ist wichtig, denn sonst kommt
Schwarz zu c7-c5. Der Nachteil des ganzen Systems ist, dass Weiss spaeter
den Ausgleichszug nicht verhindern kann.}
    ( 8.Qc2 Bb7 9.O-O c5 = )
8...Rb8
    ( 8...Ra7 9.Be3 Nd5 10.Qc1 c5 11.Nc3 += )
9.Bf4
    ( 9.Qc2 Bb7 10.O-O c5 = )
9...Nd5
    ( 9...Bb7 10.Qxc7 Bb4+ 11.Kf1 Qxc7 12.Bxc7 Rc8 ~= )
10.Bg5 Be7
    ( 10...Bb4+?! 11.Nbd2 Ne7 12.Bxe7 Bxe7
        ( 12...Kxe7? 13.Qc2 +/- )
    13.Rc1 Bd6 14.Ne4 += )
11.Bxe7 Qxe7 12.Nc3 Bb7 {Die Alternative 12...Qb4 reicht auch fuer
Ausgleich, aber der Laeuferzug ist viel natuerlicher.}
    ( 12...Nb4?! 13.Qxc7 Nc2+ 14.Kd1 Nxa1
        ( 14...Bb7 15.Kxc2 b4 16.Kd2 bxc3+ 17.bxc3 O-O 18.Rhc1 {1-0
        Pedersen,E-Fries Nielsen,J/Aarhus 1993/EXT 97 (38)} )
    15.Ne5 Qd8
        ( 15...b4 16.Ne4 {1-0 Stamenkovic,Z-Todorovic,G/JUG-ch Kladovo
        1992} 16...Nxe5 17.Qxb8 O-O 18.dxe5 Bb7 19.Qxb7 Qxb7 20.Nf6+ gxf6
        21.Bxb7 +/- )
        ( 15...O-O 16.Nc6 Qe8
            ( 16...Qf6 17.Ne4! Qh6 18.Nxb8 Nxb8 19.Qxb8 )
        17.Nxb8 b4 18.Kd2 bxc3+ 19.bxc3 Nxb8 20.Qxb8 {1-0
        Rodgaard,J-Olsen,H/Oyrabakki FAI 2000/The Week in Chess 285 (33)}
        )
    16.Qxd8+ Kxd8 17.Nc6+ Kc7 18.Nxb8 Nb6 19.Nc6 Bb7 20.d5 Bxc6 21.dxc6 b4
    22.Ne4 b3 23.Nc5 Kd6
        ( 23...Rd8+ 24.Kc1 bxa2 25.b3 +- )
    24.Nb7+ Kc7 25.Kd2 {1-0 Wojtkiewicz,A-Ivanov,S/Slupsk 1992/TD (39)} )
    ( 12...Qb4!? 13.O-O Nxc3 14.bxc3 Qd6 15.Qxd6 cxd6 16.a4 bxa4 17.Rxa4
    Ke7 18.Rfa1 Rb2 19.e3 Bb7 20.Ne1 Bxg2 21.Kxg2 Rc8 22.Rxa6 Rxc3 23.R6a2
    Rxa2 24.Rxa2 = {1/2-1/2 Atalik,S-Li Wenliang/Beijing 1996/CBM
    55/[Atalik,S] (24)} )
13.Nxd5 Bxc6 14.Nxe7 Kxe7 15.Rc1
    ( 15.O-O Bxf3 16.Bxf3 c5 17.dxc5 Nxc5 18.Rfc1 Rhc8 19.Rc2 Nd7 20.Rac1
    Nb6 21.Rxc8 Rxc8 22.Rxc8 Nxc8 23.Bb7 Nd6 24.Bxa6 Kd7 25.b3 Kc6 26.a4 {
    1/2-1/2 Wojtkiewicz,A-Kaidanov,G/New York 1993/CBM 35 (30)} )
15...Bd5!? {Schwarz gibt den Laeufer nicht auf, sondern opfert einen
Bauern.}
    ( 15...Rb6 16.O-O Rc8 17.Ng5 Bxg2 18.Kxg2 Rd6! 19.Rfd1 Rd5 20.Ne4 c5
    21.Nxc5! Nxc5 22.dxc5 Rdxc5 23.Rxc5 Rxc5 24.Rd2 = )
    ( 15...Bxf3?! 16.Bxf3 Rhc8 17.Bc6 += )
16.Rxc7
    ( 16.O-O Rhc8 = )
16...Rhc8 17.Ra7
    ( 17.Rxc8 Rxc8 18.Kd2 Nf6 ~= )
17...Ra8
    ( 17...Rc2!? 18.O-O f6 ~= )
18.Rxa8 Bxa8 ~= {Schwarz hat einen Bauern weniger, hat aber starke
Kontrolle ueber die c-Linie und die grosse Diagonale.} 19.Kd2
    ( 19.Kd1 Nf6 ~= )
19...Nf6 20.Ne1 {Weiss muss die Laeufer tauschen.}
    ( 20.Rg1 Rc4 21.Ne5
        ( 21.e3 Ne4+ =+ )
    21...Rxd4+ 22.Ke3 Rd8 23.Bxa8 Rxa8 24.Rc1 Nd5+ = )
20...Bxg2 21.Nxg2 Rd8 22.e3
    ( 22.Kd3?! Ng4 23.Rf1 e5 $36 )
22...Ne4+
    ( 22...e5?! 23.Nh4 )
23.Ke2 Rc8 24.Ne1 Rc1 25.Rg1
    ( 25.f3 Nd6 26.Rf1 Ra1 27.a3 Nc4 = )
25...f5 26.f3 Nf6
    ( 26...Nd6 ~= )
27.Rg2
    ( 27.Kd2 Ra1 28.a3 Nd5 ~= )
27...Nd5 28.e4 fxe4 29.fxe4 Nf6 30.Nd3
    ( 30.e5 Nd5 ~= )
30...Rc4 = 31.Ne5 Rc2+
    ( 31...Rxd4?? 32.Nc6+ +- )
32.Kf3 Rxg2 33.Kxg2 Nxe4 {Endlich hat Schwarz den Bauern zurueck gewonnen
- das Endspiel ist ausgeglichen.} 1/2-1/2

[Event "34th olm final"]
[Site "Istanbul"]
[Date "2000.10.29"]
[Round "2.3"]
[White "Hansen, Lars Bo"]
[Black "Tiviakov, Sergei"]
[Result "1/2-1/2"]
[WhiteElo "2562"]
[BlackElo "2606"]
[EventDate "2000.10.28"]
[WhiteTeam "Denmark"]
[BlackTeam "Netherlands"]
[Annotator "Wells"]
[PlyCount "89"]

1.d4 Nf6 2.c4 e6 3.Nc3 Bb4 4.e3 O-O 5.Ne2 {In terms of its popularity this
is still a beneficiary of black's toughness in the main lines of the 4...
0-0 Rubinstein.} 5...d5 6.a3 Be7 7.cxd5 Nxd5!? {In CBM 70 I expressed the
view that it is in the more fluid structures which flow from this move
that the onus is really on white to show that he has something. The
passage of time has done nothing much to challenge this - I still like the
move!} 8.Qc2
    ( 8.g3 Nxc3! 9.Nxc3 c5 10.d5
        ( 10.dxc5!? {is in my view probably the best move, although it
        should not really cause black any difficulties. Still, Mikhail
        Gurevich beat both Ligterink and myself from this dry position!}
        10...Qxd1+ 11.Kxd1 Bxc5 12.Bg2 Nd7?! {A bit too fancy. I should
        have followed my instincts and tried to create play against
        white's king, rather than getting too het up about the d5 square.}
            ( 12...Nc6! 13.Kc2 e5 14.b4 Bb6 15.Bb2 Be6 16.Bd5 Rac8
                ( 16...Nd4+!? 17.exd4 exd4 18.Bxe6 dxc3 19.Bxc3 fxe6 = {
                -M.Gurevich.} )
            17.Kb3 Nd4+! 18.exd4 Rxc3+ 19.Kxc3 Bxd4+?!
                ( 19...Bxd5! ~= {M. Gurevich} )
            20.Kc4 Rc8+ 21.Kd3 Bxb2 22.Bxe6 Rd8+ 23.Ke4 Bxa1 24.Rxa1 fxe6
            25.Rc1 += {1-0 Gurevich,M-Ligterink,G/NLD-chT 1998/CBM 67 (62)
            } )
        13.Bd2 Be7 14.Kc2 Rb8 15.Rhd1 b5 16.e4! a5 17.Bf4 Rb7 18.Bd6 Bxd6
        {1-0 Gurevich,M-Wells,P/ Andorra zt 1998 (50) CBM 68 (M.Gurevich).
        } 19.e5! += )
    10...Bf6! 11.Bg2 Bxc3+! 12.bxc3 exd5 13.Qxd5 Qe7 {Shaked - Kramnik ,
    Tilburg 1997 CBM 61 (Winants) , and black can in my opinion already
    aspire to some superiority on the light squares.} )
8...Nd7 9.Ng3
    ( 9.e4 Nxc3 10.Nxc3 c5 11.d5 Nb6! {looks more logical and sounder than
    }
        ( 11...Bf6 12.dxe6 fxe6 13.f4 e5?!
            ( 13...Bd4 $132 {may be OK though.} )
        14.f5 Kh8 15.Be3 Bg5 16.Bf2! b6 17.Rd1 a6 18.Bc4 Qe8 19.O-O Bb7
        20.Rd6! {a full menu of weak squares!} 20...Be7 21.Re6 Rf6 22.Bd5!
        Rb8 23.Bg3 b5 24.Bxb7 Rxb7 25.Nd5 Rxe6 26.fxe6 Nf8 27.Qf2 Ng6
            ( 27...Nxe6 28.Qf7 )
        28.Bxe5 Nxe5 29.Nxe7 Ng6 30.Nxg6+ hxg6 31.Qf7! {1-0
        Conquest,S-Stefansson,H/Varadero 2000/CBM 77.} )
    12.dxe6 Bxe6 13.Be2 Bf6 {gives black a comfortable game with good
    diagonals for his bishops: Giorgadze - V.Salov, President's Cup 1998.
    CBM 65 (Psakhis).} )
    ( 9.g3 Nxc3 10.Nxc3 c5!?
        ( 10...e5!? {succeeds in saddling white with the 'isolani' but he
        also obtains the customary activity.} 11.Bg2 exd4 12.exd4 Bf6 13.
        Be3 Nb6 14.O-O c6 15.Rad1 Bg4! 16.f3 Be6 17.Ne4 Re8 18.Bf2 Bd5! {
        In terms of ' key square coverage' this is a better blockader than
        the knight here.} 19.Rfe1 Be7 20.Rd2 Bf8 21.Rde2 Re6 22.Nc5 Rxe2
        23.Qxe2 Qc7 24.g4! {Black, in spite of the positive placing of
        some of his pieces, has not entirely neutralised the free piece
        play which constitutes white's compensation for the isolated
        queen's pawn.} 24...f6 25.Bg3 Qf7 26.h4 Rd8 27.Bh3 g6 28.Bf4 Bc4
        29.Qe4 ~ {1/2-1/2 Corral Blanco,J-Topalov,V/Cala Galdana 1999/EXT
        2000 (86)} )
    11.dxc5 Nxc5 12.b4 Nd7 13.Bg2 a5! {an important break in several
    variations here. White's b-pawn can become vulnerable, and if black
    can develop his queen-side then he has promising squares on offer} 14.
    Rb1 axb4 15.axb4 Qc7 16.O-O Nb6 17.Qb3 Bd7 18.b5 Rfc8 {with a fair
    share of the play for black in 1/2-1/2
    Gurevich,D-Kortschnoj,V/Beersheba 1987/CBM 05 (41)} )
    ( 9.Bd2 N5f6! {here too, this looks like a logical reorganisation.}
        ( 9...Nxc3 10.Bxc3 += )
    )
9...Nxc3 {There is nothing much wrong with this exchange, but the
symmetrical structures which will arise if black retreats the knight in
order to prod white's centre with ...c5 seem to me to hold few dangers.
White's pieces, especially the knight on g3 are not especially well
placed.}
    ( 9...N5f6!? 10.Be2 c5 11.dxc5 Bxc5 12.b4 Be7 13.O-O b6 14.e4
        ( 14.Qb3 Bb7 15.e4 Qc7?! 16.Be3 Rac8 17.Rac1 Qb8 {Finding the
        right square!} 18.f4 Qa8 19.f5 e5 20.Rfd1 Nb8 21.Bc4 Nc6 22.Nd5
        Nxd5 23.Bxd5 += {1-0 Najer,E-Belikov,V/Moscow 1996/EXT 2000 (52)}
        )
    14...Bb7 15.Be3 Qb8! {I hope that to praise the set-up Qb8; Ra8&c8 is
    not just 'analysis by result'! There is no doubt that the ...a5 break
    did reveal a certain looseness in white's set-up.} 16.Qb3 Rc8 17.f4 {I
    suppose that without the moves e4 and f4 white cannot really create
    any play, but after these white can also be worse if his attack fails
    to bite. In the game his position looks very loose.} 17...a5 18.Rab1
    axb4 19.axb4 Qa7! 20.Bb5 Qa3 21.Bd4 Qxb3 22.Rxb3 Rd8 23.f5?! Rac8 24.
    e5 Ng4 25.Re1 Nc5! {A terrible blow!} 26.bxc5
        ( 26.Bxc5 bxc5 27.fxe6 cxb4 28.exf7+ Kxf7 29.Na4 Rc2 -/+ )
    26...Rxd4 27.fxe6 Bxc5 28.exf7+ Kxf7 29.e6+ Kg6 30.Kh1 Nf2+ 31.Kg1 Nd3
    32.e7 Re4+ {0-1 Najer,E-Kasimdzhanov,R/Zagan 1997/CBM 59 ext (32)} )
    ( 9...c5 {turned comfortably enough for black in its high-level debut
    after} 10.Bd3
        ( {but perhaps} 10.Nxd5!? exd5 11.Bd3 cxd4
            ( 11...g6 12.dxc5 Nxc5 13.O-O
                ( 13.Be2!? )
            )
        12.Bxh7+ Kh8 13.Bf5 dxe3 14.Bxe3 += )
    10...N5f6 11.O-O b6 12.dxc5 Nxc5 13.Be2 Bb7 14.b4 Ncd7 {this position
    should be still more comfortable for black than the structurally
    similar ones arising from 9...N5f6.} 15.Bb2 a5 16.Qb3 axb4 17.axb4 Qb8
    18.Bb5 Rxa1 19.Rxa1 Rd8 20.Rd1 Nf8 21.Na4 Bd5 22.Qc2 Rc8 23.Qd3 {
    1/2-1/2 Spassky,B-Smyslov,V/Amsterdam 1956/Candidates (23)} )
10.bxc3 c5 11.Bd3 Nf6
    ( 11...h6 12.O-O Nf6 13.f4!? Qc7 14.Qe2 Rd8 15.Bb2 Bd7 16.e4 cxd4 17.
    cxd4 Bc6 18.f5
        ( 18.Kh1!? {black seems to lack counterplay.} )
    18...Qb6 19.Kh1 Rxd4! {A good, and I suspect very necessary defensive
    exchange sacrifice. The loss of the b2 bishop seriously limits white's
    attack, and leaves black with fair dark-square compensation.} 20.Bxd4
    Qxd4 21.fxe6 fxe6 22.Bc4
        ( 22.e5!? )
    22...Qe5 23.Nf5 Bc5 24.Nh4 Re8 ~ {1/2-1/2
    Taimanov,M-Bannik,A/Leningrad 1956/URS-ch (62)} )
12.O-O Qc7 13.c4 h6
    ( 13...Bd7?! 14.d5 $36 )
14.Bb2 Bd7 15.Rac1 Rfe8 16.Qe2 cxd4 17.exd4 Qf4! {A quite frequently seen
motif against the hanging pawns. With the knight slightly awkwardly placed
on g3, black's queen is quite safe on f4or h4, and defends from the front,
so to speak.} 18.Bb1 Bd6 19.Rc3 Bc6 20.Re3 Kf8! {A sensible prophylaxis
against ideas of Qd3 in conjunction with d5 which can create concrete
threats against the king while on g8.} 21.Qd3 Qh4 22.h3 Bf4 23.Ree1 Qg5 {
Tiviakov has secured good squares for all his pieces, and it is hard to
suggest a good plan for white.} 24.Ba2 b5! 25.d5!? {Probably a d practical
decision - white prefers to give a pawn but retain good white square
influence with an excellent knight rather than conceed the mass of squares
which would fall to his opponent if the c4 pawn is exchanged or moved.}
25...bxc4 26.Bxf6 gxf6 27.Bxc4 Bxd5
    ( 27...exd5?! {is 'positionally' desirable, but taking on this
    shattered king-side, it is really necessary to change queens.} 28.Ba2
    ~ )
28.Bxd5 Qxd5
    ( {Prioritising the positional over the dynamic with} 28...Rad8 {would
    after} 29.Ne4 Rxd5 30.Qc3 {lead to quite unnecessary risks.} )
29.Qxd5 exd5 30.Nf5 Re5?! 31.g4 h5 32.Rd1 hxg4 33.hxg4 Rd8 34.Kg2 = {White
should have enough - black soon in turn returns the pawn to activate his
remaining pieces with a certain draw.} 34...Ke8 35.Rd4 Re4 36.Rxe4+ dxe4
37.Re1 e3 38.Kf3 Be5 39.Rxe3 Rd2 40.Rb3 Ra2 41.Rd3 Bc7 42.Re3+ Kd8 43.Rd3+
Ke8 44.Re3+ Kd8 45.Rd3+ 1/2-1/2

[Event "34th olm final"]
[Site "Istanbul"]
[Date "2000.10.29"]
[Round "2.4"]
[White "Van der Sterren, Paul"]
[Black "Schandorff, Lars"]
[Result "1/2-1/2"]
[WhiteElo "2569"]
[BlackElo "2524"]
[EventDate "2000.10.28"]
[WhiteTeam "Netherlands"]
[BlackTeam "Denmark"]
[PlyCount "43"]

1.d4 Nf6 2.c4 g6 3.Nc3 d5 4.Nf3 Bg7 5.Qb3 dxc4 6.Qxc4 O-O 7.e4 Nc6 8.Be2
Bg4 9.d5 Na5 10.Qa4 Bxf3 11.Bxf3 c6 12.O-O b5 13.Qb4 a6 14.Rd1 Nd7 15.Be3
Rc8 16.dxc6 Nxc6 17.Qb3 e6 18.a4 Na5 19.Qb4 Nc6 20.Qb3 Na5 21.Qb4 Nc6 22.
Qb3 1/2-1/2

[Event "34th olm final"]
[Site "Istanbul"]
[Date "2000.10.30"]
[Round "3.1"]
[White "Bin Sattar, Reefat"]
[Black "Hansen, Curt"]
[Result "0-1"]
[WhiteElo "2471"]
[BlackElo "2620"]
[EventDate "2000.10.28"]
[WhiteTeam "Bangladesh"]
[BlackTeam "Denmark"]
[PlyCount "86"]

1.e4 c5 2.Nf3 d6 3.d4 cxd4 4.Nxd4 Nf6 5.Nc3 e6 6.Be3 a6 7.f3 b5 8.Qd2 Nbd7
9.g4 Nb6 10.Qf2 Nfd7 11.O-O-O Bb7 12.f4 b4 13.Nb1 Bxe4 14.Bg2 Bxg2 15.Qxg2
Nc4 16.Rhe1 Nxe3 17.Rxe3 Be7 18.g5 Rc8 19.Nd2 O-O 20.Rh3 d5 21.Qg4 Re8 22.
N2f3 Nf8 23.f5 e5 24.Ne2 e4 25.Nfd4 Bxg5+ 26.Kb1 Bf6 27.Nf4 e3 28.Nde2 Re4
29.Qf3 Qc7 30.Rc1 Qe5 31.Nd3 Qe7 32.Nef4 Rd8 33.Re1 Bg5 34.Ne2 h6 35.Rg1
Nh7 36.Rhg3 Bf6 37.Qg2 Ng5 38.Nef4 Be5 39.h4 Bxf4 40.Nxf4 Rxf4 41.hxg5 e2
42.Re1 Rf1 43.Rxf1 e1=Q+ 0-1

[Event "34th olm final"]
[Site "Istanbul"]
[Date "2000.10.31"]
[Round "4.1"]
[White "Svetuschin, Dumitru"]
[Black "Nielsen, Peter Heine"]
[Result "1/2-1/2"]
[WhiteElo "2472"]
[BlackElo "2580"]
[EventDate "2000.10.28"]
[WhiteTeam "Moldova"]
[BlackTeam "Denmark"]
[PlyCount "32"]

1.e4 e5 2.Nf3 Nf6 3.d4 Nxe4 4.dxe5 d5 5.Nbd2 Nxd2 6.Qxd2 Be7 7.Bb5+ c6 8.
Bd3 O-O 9.Qf4 Nd7 10.Qg3 Re8 11.O-O Nc5 12.Bh6 Bf8 13.Ng5 Nxd3 14.Qxd3 g6
15.Bxf8 Qxg5 16.Bd6 Be6 1/2-1/2

[Event "34th olm final"]
[Site "Istanbul"]
[Date "2000.10.31"]
[Round "4.2"]
[White "Hansen, Lars Bo"]
[Black "Sanduleac, Vasile"]
[Result "1/2-1/2"]
[WhiteElo "2562"]
[BlackElo "2438"]
[EventDate "2000.10.28"]
[WhiteTeam "Denmark"]
[BlackTeam "Moldova"]
[PlyCount "53"]

1.d4 d6 2.g3 Nd7 3.Nf3 e5 4.dxe5 dxe5 5.Bg2 Ngf6 6.O-O Bc5 7.Nc3 O-O 8.Bg5
h6 9.Bxf6 Qxf6 10.Ne4 Qe7 11.Nxc5 Qxc5 12.Qd3 Nf6 13.Nd2 Be6 14.Nb3 Bxb3
15.Qxb3 Rad8 16.Rad1 b6 17.Rd3 Rxd3 18.cxd3 Rd8 19.a3 Qd4 20.Qc2 c5 21.Bf3
h5 22.Qc1 h4 23.Kg2 Rd7 24.b3 Rd8 25.Qa1 hxg3 26.hxg3 Qxa1 27.Rxa1 1/2-1/2

[Event "34th olm final"]
[Site "Istanbul"]
[Date "2000.11.01"]
[Round "5.3"]
[White "Hansen, Sune Berg"]
[Black "Soppe, Guillermo"]
[Result "1-0"]
[WhiteElo "2556"]
[BlackElo "2470"]
[EventDate "2000.10.28"]
[WhiteTeam "Denmark"]
[BlackTeam "Argentina"]
[Annotator "Finkel,A"]
[PlyCount "143"]

1.e4 Nf6 2.e5 Nd5 3.d4 d6 4.Nf3 dxe5 5.Nxe5 g6 6.Bc4 c6 7.O-O Bg7 8.Re1
O-O 9.Bb3 Be6 10.h3 Nd7 11.Nf3 Nc7
    ( 11...N7f6 12.Ng5 Bf5 13.c4 Nc7 14.Nc3 h6 15.Nf3 Re8 16.Bf4 g5 17.Be5
    += {Jovanovic,S-Nikolic,M/ch-YUG (women) qualifier 2000} )
12.c4! {The only way to fight for opening advantage is to keep the
light-squared bishops on the board.}
    ( 12.Nc3 Bxb3 13.axb3 Ne6 14.Ne4 Nb6 15.c3 Nd5 = {Del Rio
    Angelis,S-Soppe,G/Guillermo Garcia Premier II 2000} )
    ( 12.c3 Bd5 13.Bg5 Ne6 14.Be3 b5?! 15.Bxd5 cxd5 16.Qb3 Nc7 17.Bf4 +/-
    {Polgar,S-Kengis,E/Vienna op 1991} )
12...Nb6
    ( 12...b5? 13.d5! cxd5 14.cxd5 Bf5 15.Nd4 Bxd4 16.Qxd4 +/- {
    Markovic,I-Pajkovic,V/JUG-chT 1997} )
    ( 12...c5 13.d5 Bf5 14.Nc3 Nf6 15.Bf4 Re8 16.Ne5 Nd7 17.Nxd7 Bxd7 18.
    Bg5 += {Sutovsky,E-Summerscale,A/7th Monarch Assurance 1998} )
13.Qe2 a5 14.a4 Ne8 15.Rd1
    ( 15.Be3 Nd6!? 16.d5 cxd5 17.c5 d4 18.Bxe6 dxe3 19.Bb3 Nf5 20.cxb6
    Qxb6 ~= {Berthelot,Y-Karr,J/1st Master 1999} )
15...Nc8 16.Ba2 Ned6
    ( {May be slightly better was} 16...Ncd6!? 17.Nc3 Nf5 18.Ne4 b6 19.
    Neg5 Nc7 20.Bf4 Bc8 21.Ne5 += {,but in any case black doesn't manage
    to solve all his problems.} )
17.Nc3 Nf5 18.Ne4 b6
    ( 18...Nxd4? 19.Nxd4 Bxd4 20.Be3 +- )
19.Neg5 Bd7 20.g4! Nh6
    ( 20...Nfd6 21.c5 Nb7 22.Be3 +/- )
21.Ne5 Be8 22.Bf4 +/- {Now black pieces may hardly move.} 22...Kh8 23.Qf3
Na7 24.c5!? e6
    ( 24...bxc5 25.dxc5 Qc8 26.Nc4 +/- )
25.Qe3 Ng8 26.Nc4 Nc8 27.cxb6!? Nxb6 28.Nxb6 Qxb6 29.Bd6 {Converting
positional advantage into the material one.} 29...Nf6 30.Bxf8 Bxf8 31.Bc4!
+- Bg7
    ( 31...Qxb2? 32.Rdb1 Qc2 33.Bb3 )
32.b3 Rd8 33.Rac1 Kg8 34.Nf3 Nd5 35.Bxd5 Rxd5
    ( 35...cxd5 36.Rc3 Bf8 37.Rdc1 Bb4 38.Rc8 +- )
36.Rd3 Bf8 37.Rdc3 Ba3 38.R1c2 Bb4 39.Rc4 Bd6 40.Ne5 Bb4 41.Nxc6 Bxc6 42.
Rxc6 Qxd4 43.Qxd4 Rxd4 44.Kg2 g5
    ( {More persistant was} 44...Rd3!? 45.Rb2
        ( 45.Rc7 Rxb3 46.Rb7 Rc3 47.Rxc3 Bxc3 +/- )
    45...g5 46.Rc4 h6 47.Re4 Ba3 48.Rb1 Bc5 49.Rc1 +- {,but it wouldn't
    change the outcome of the game.} )
45.Ra6 Rd7
    ( 45...Rd3 46.Ra7 Rxb3 47.Rcc7 +- )
46.Re2 h6 47.Re5 Rd3 48.Ra7! Kg7
    ( 48...Rxb3 49.Rb5 Ra3 50.Rbb7 Rxa4 51.Rxf7 Bf8 52.Rf6 +- )
49.Re3 Rd8 50.Rf3! Rf8 51.Rd3 Kg6 52.Rdd7 Bc3 53.Rac7 Bb4 54.Rb7 Bc3 55.
Rdc7 Bd2 56.Kf1 f5 57.Rg7+ Kf6 58.gxf5 exf5 59.Rgd7 Bc3 60.Rd6+ Ke5 61.
Rxh6
    ( 61.Rc6! Bd4 62.Rb5+ Ke4 63.Ke2 +- )
61...Rd8 62.Rb5+ Kf4 63.Rc6 Rd1+ 64.Kg2 Bd4 65.Rc2 Ke4 66.Rxa5 f4 67.Re2+
Kd3 68.Kf3 Rh1 69.Ra2 Rxh3+ 70.Kg4 Rh2 71.Rxg5 Kc3 72.Rb5 1-0

[Event "34th olm final"]
[Site "Istanbul"]
[Date "2000.11.02"]
[Round "6.3"]
[White "Hodgson, Julian Michael"]
[Black "Hansen, Lars Bo"]
[Result "1/2-1/2"]
[WhiteElo "2633"]
[BlackElo "2562"]
[EventDate "2000.10.28"]
[WhiteTeam "England"]
[BlackTeam "Denmark"]
[PlyCount "27"]

1.c4 c5 2.g3 Nf6 3.Bg2 e6 4.Nf3 d5 5.cxd5 Nxd5 6.O-O Nc6 7.d4 Be7 8.Nc3
O-O 9.Nxd5 exd5 10.dxc5 Bxc5 11.Bg5 Qd7 12.Rc1 Bb6 13.Ne1 Re8 14.Bf4
1/2-1/2